| 000 | 00612nam a22001937a 4500 | ||
|---|---|---|---|
| 999 |
_c61607 _d61607 |
||
| 005 | 20240329100940.0 | ||
| 008 | 240329s2013 gw ||||| |||| 00| 0 ger d | ||
| 020 | _a9783823367932x | ||
| 041 | _aeng | ||
| 080 | _a81'25 A-31 | ||
| 100 |
_aAlbrecht, Jörn _921629 |
||
| 245 |
_aÜbersetzung und Linguistik: _bGrundlagen der Übersetzungsforschung II / _cJörn Albrecht. |
||
| 250 | _a2 Auflage | ||
| 264 |
_aTubingen : _bNarr Dr. Gunter, _c2013. |
||
| 300 |
_a312 p.; _b24 cm. |
||
| 653 | _aგერმანული ენა | ||
| 653 | _aლინგვისტიკა | ||
| 942 |
_2udc _cᲬᲘᲒᲜᲘ |
||